000 01112nam a2200265 a 4500
001 000038884
005 20240604194808.0
008 110401s1983 dr a 001 0 spa d
020 _a8484000702
040 _aDO-SdBNP
_bspa
_cBNPHU
082 _a301
_bS678L, 1983
245 0 1 _aSociología :
_blibro básico de consulta /
_cpresentación y selección Rubén Silié.
250 _a3ª ed.
260 _aSanto Domingo :
_bTaller,
_c1983.
300 _a139 p. :
_bil. ;
_c23 cm.
490 1 _aBiblioteca Taller
_atextos
_v124
505 0 _tPresentación /
_rRubén Silié --
_rJean Gazeneuve --
_rF. Balle,
_rA. Akoun --
_rCarlos Marx --
_rV. Rozhin --
_rHenri Mendras --
_rGuy Rocher --
_rSalvador Giner --
_rAgustín Cueva --
_rR. Bendix --
_rS.M. Lipset --
_rX. Kelle --
_rM. Novalzón.
504 _aIncluye referencias bibliograficas y notas al pie de las páginas.
590 _aInventariado, 2018/VM
650 0 _aSociología
_91061
650 0 _aCiencias sociales
_91065
700 1 2 _aSilié, Rubén,
_d1946-
_91421
830 0 _aBiblioteca Taller
_ptextos
_v124
_954704
910 _aValidado. Control de calidad MFF
999 _c38374
_d38374